01840cam a22003977a 450000100090000000300090000900500170001800800410003502000450007602000370012102000220015803500240018004000500020408200190025424502490027324600400052225000410056226400300060330000530063333600260068633700280071233800270074050001650076750000240093250400410095665000510099765000660104865300110111465500170112570000350114270000440117770000310122194200120125299900170126495201610128115090683EG-ScBUE20221218091556.0071123s2008 gw a f b 000 0 eng d a9783791338408 (English trade ed. : hbk.) z9873791338392 (German trade ed.) a3791338404 (hbk.) a(OCoLC)ocn222145539 aUKMbengerdacUKMdBAKERdBWXdDLCdEG-ScBUE04a727.6222bMUS00aMuseums in the 21st century :bconcepts, projects, buildings /cedited by Suzanne Greub and Thierry Greub, Art Centre Basel, Basel, Switzerland ; with essays by Thierry Greub [and five others], and contributions by Shozo Baba [and twenty seven]3 aMuseums in the twenty-first century aSecond revised and expanded edition. 1aMunich :bPrestel,c2008. a223 pages :billustrations (some color) ;c31 cm 2rdacontentatextbtxt 2rdamediaaunmediatedbn 2rdacarrieravolumebnc aCatalog of an exhibition held at K20 Kunstsammlung Nordhein-Westfalen, Dusseldorf Germany and fifteen other institutions between Apr. 1, 2006 and Aug. 21, 2011. aPrevious ed.: 2006. aIncludes bibliographical references. 7aMuseum architecturevExhibitions.2BUEsh95783 7aArchitecture, Moderny21st centuryvExhibitions.2BUEsh95784 bENGARC vReading book1 aGreub, Suzanne,eeditor.957851 aGreub, Thierry,eeditor,eauthor.957861 aBaba, Shozo,econtributor. 2ddccBB c11734d11734 00102ddc40708AlahramaMAINbMAINc2NDd2009-06-07epurchaseg378.00h383l20m119o727.6 MUSp000016163r2025-07-15 00:00:00s2023-10-23w2009-06-07yBB